000 00826nam a22002537a 4500
001 00008547
003 DO-SdBNP
005 20180205150941.0
007 00008547
008 160608b 1996 mx a 00| 0 spa d
020 _a9701008820
040 _aBPMSU
_bspa
_cBPMSU
092 _axxxxx
_bxxxxx
100 1 _aCohen Karen, Daniel
245 1 0 _a Sistemas de información para la toma de decisiones /
_cDaniel Cohen Karen ; revisión técnica, Anibal Silvestri Rodríguez, Antonio Donadio Medaglia.
250 _a2ª ed.
260 _aMéxico :
_bMcGraw-Hill Interamericana,
_c1996.
300 _axxii, 243 p. :
_bil.
_c24 cm.
700 1 2 _aRodríguez, Anibal Silvestri
700 1 2 _aMedaglia, Antonio Donadio
942 _2ddc
_cBK
945 _aInventariado, 2018/ YL
956 _2LOPEREZ
_310
_620160608
_8BPMSU
_a00041
999 _c10319
_d10319